Statistiques concernant Personnages d'anime-Les plus grands

Cliquez ici pour prendre le quiz!

Statistiques générales

  • Ce quiz a été pris 17 fois
  • Le résultat moyen est 2 sur 16

Statistiques - réponses

AnimePersonnage% Correct
L'Attaque des TitansTitan Originel d'Eren
75%
One PieceZunesh
50%
Demon SlayerDémon main
19%
Naruto (+Shippuden)Genbu
19%
Dragon Ball Z (+Super)Super Shenron
19%
PokémonEthernatos
13%
My Hero AcademiaGigantomachia
13%
Hunter X HunterMike
13%
Jujutsu KaisenDagon
6%
Seven Deadly SinsRoi des démons
6%
Tokyo RevengersSouth
6%
BleachYammy
6%
One Punch ManElder Centipede
0%
Fairy TailRoi des esprits
0%
Full Metal AlchemistSloth
0%
Jojo's Bizarre AdventureTarcus
0%

Distribution des résultats

Percentile par nombre de réponses

% des personnes avec chaque résultat

Votre développement - résultats

Vous n’avez pas pris ce quiz